Antes que anochezca / (Registro nro. 3558)

Detalles MARC
000 -LEADER
fixed length control field 00913nam a2200241Ia 4500
003 - CONTROL NUMBER IDENTIFIER
control field OSt
005 - DATE AND TIME OF LATEST TRANSACTION
control field 20250410125341.0
008 - FIXED-LENGTH DATA ELEMENTS--GENERAL INFORMATION
fixed length control field 191128s2006 sp er 000 f spa d
020 ## - INTERNATIONAL STANDARD BOOK NUMBER
International Standard Book Number 8483105020
040 0# - CATALOGING SOURCE
Original cataloging agency CO-JMCR
Transcribing agency CO-JMCR
041 ## - LANGUAGE CODE
Language code of text/sound track or separate title spa
082 04 - DEWEY DECIMAL CLASSIFICATION NUMBER
Classification number A-N
Item number AREa
100 1# - MAIN ENTRY--PERSONAL NAME
Personal name Arenas, Reinaldo,
Dates associated with a name 1943-1990
Fuller form of name autor
9 (RLIN) 6316
245 10 - TITLE STATEMENT
Title Antes que anochezca /
Statement of responsibility, etc. Reinaldo Arenas
250 ## - EDITION STATEMENT
Edition statement Sexta edición
260 ## - PUBLICATION, DISTRIBUTION, ETC.
Place of publication, distribution, etc. Barcelona :
Name of publisher, distributor, etc. Fabula Tusquets,
Date of publication, distribution, etc. 2006
300 ## - PHYSICAL DESCRIPTION
Extent 343 páginas ;
Dimensions 20 cm.
490 0# - SERIES STATEMENT
Series statement Tusquets
500 ## - GENERAL NOTE
General note Incluye datos biográficos del autor.
520 ## - SUMMARY, ETC.
Summary, etc. En diciembre de 1990, el escritor cubano Reinaldo Arenas, en fase terminal de SIDA, se suicidaba en Nueva York dejando este estremecedor testimonio personal y político, que terminó días antes de poner fin a su vida. Arenas, en efecto, reunía los tres req
650 14 - SUBJECT ADDED ENTRY--TOPICAL TERM
Topical term or geographic name entry element Novela histórica
9 (RLIN) 186
942 ## - ADDED ENTRY ELEMENTS (KOHA)
Source of classification or shelving scheme Dewey Decimal Classification
Koha item type Books
Existencias
Withdrawn status Lost status Source of classification or shelving scheme Damaged status Not for loan Collection code Home library Current library Date acquired Source of acquisition Cost, normal purchase price Total Checkouts Full call number Barcode Date last seen Date last checked out Copy number Koha item type
    Dewey Decimal Classification     Fiction Biblioteca Pública José María del Castillo y Rada Biblioteca Pública José María del Castillo y Rada 11/28/2019 Donación 0.00 2 A-N AREa 201807422 06/27/2024 06/26/2024 Ej.1 Books